000 00606nam a22001697a 4500
003 OSt
005 20171010095515.0
008 120814t xxu||||| |||| 00| 0 eng d
040 _aMMSU
_cULS
100 _aTabios, Maria Prosperidad B.
_912149
245 _aThe Procurement system of the municipal governments in Ilocos Norte: an evaluation
_cMaria Prosperidad B. Tabios
260 _c2000
300 _axiv, 99 leaves
_c28 cm.
500 _aThesis (MA Public Administration) -- Mariano Marcos State University-Graduate School, Laoag City
504 _aBibliography: leaves 76-77
942 _2ddc
_cTHEDIS
999 _c9726
_d9726